| 000 | 00335nam a2200109Ia 4500 | ||
|---|---|---|---|
| 008 | 171205s9999 xx 000 0 und d | ||
| 020 | _a9781284101577 | ||
| 100 | _aHessler, Karen | ||
| 245 | _aFlipping the Nursing Classroom Where active learning meets Technology | ||
| 260 |
_bJones & Barlett Learning, LLC _c2017 |
||
| 300 | _a293 pages | ||
| 999 |
_c347389 _d347389 |
||